Medidas eléctricas para ingenieros.
Tallennettuna:
| Päätekijä: | |
|---|---|
| Aineistotyyppi: | Tuntematon |
| Kieli: | englanti |
| Julkaistu: |
Madrid, España:
Universidad Pontificia Comillas de Madrid,
2007.
|
| Painos: | 2ª edición. |
| Sarja: | Colección Ingeniería,
13 |
| Aiheet: | |
| Tagit: |
Lisää tagi
Ei tageja, Lisää ensimmäinen tagi!
|
MARC
| LEADER | 00000 a2200000 4500 | ||
|---|---|---|---|
| 003 | CL-VaPUC | ||
| 005 | 20220412165123.0 | ||
| 008 | 220331b2007 ||||| |||| 00| 0 eng d | ||
| 999 | |c 435221 |d 435219 | ||
| 020 | |a 978-84-8468-222-6 | ||
| 040 | |c Pontificia Universidad Católica de Valparaíso | ||
| 082 | 7 | |a 621.37 CHA 2007 |2 22 | |
| 100 | 1 | |a Chacón, Francisco J. |9 867848 |e author | |
| 245 | 1 | |a Medidas eléctricas para ingenieros. | |
| 250 | |a 2ª edición. | ||
| 260 | |a Madrid, España: |b Universidad Pontificia Comillas de Madrid, |c 2007. | ||
| 300 | |a 517 páginas | ||
| 490 | |a Colección Ingeniería, |v 13 | ||
| 583 | |k Cristina María Rojas Aguilar |c 20220331 | ||
| 650 | 0 | |a Electrotecnia |9 430473 |x Medidas | |
| 650 | 0 | |a Electrotecnia |9 430473 |x Aparatos e instrumentos | |
| 650 | 0 | |a Ingeniería eléctrica |x Medidas eléctricas |9 260573 | |
| 942 | |2 ddc |c BK | ||
| 952 | |0 0 |1 0 |2 ddc |4 0 |6 621_370000000000000_CHA_2007 |7 0 |8 A |9 582322 |a BIBING |b BIBING |c GEN |d 2022-03-31 |e 74 |g 38252.00 |i 5650508 |o 621.37 CHA 2007 |p 5650508 |r 2025-01-20 |t 1 |v 38252.00 |w 2022-03-31 |y BK |k EIE | ||
| 952 | |0 0 |1 0 |2 ddc |4 0 |6 621_370000000000000_CHA_2007 |7 0 |8 A |9 582323 |a BIBING |b BIBING |c GEN |d 2022-03-31 |e 74 |g 38252.00 |i 5650509 |o 621.37 CHA 2007 |p 5650509 |r 2025-01-20 |t 2 |v 38252.00 |w 2022-03-31 |y BK |k EIE | ||